Drilling and surfacing practice /
Guardado en:
| Autor Principal: | |
|---|---|
| Otros Autores: | |
| Formato: | Libro |
| Idioma: | English |
| Publicado: |
New York :
McGraw-Hill,
1948.
|
| Edición: | 3. ed. |
| Etiquetas: |
Agregar Etiqueta
Sin Etiquetas, Sea el primero en etiquetar este registro!
|
| LEADER | 00516nam a22001695a 4500 | ||
|---|---|---|---|
| 001 | EUN.um034340 | ||
| 003 | AR-BaUNS | ||
| 005 | 20050623122908.0 | ||
| 008 | 041125s1948####xxua##########000#0#eng#d | ||
| 245 | 1 | 0 | |a Drilling and surfacing practice / |c Fred H. Colvin, Frank A. Stanley. |
| 260 | |a New York : |b McGraw-Hill, |c 1948. | ||
| 300 | |a 504 p. : |b ilus. ; |c 22 cm. | ||
| 100 | 1 | |a Colvin, Fred H. | |
| 700 | 1 | |a Stanley, Frank A. | |
| 082 | 0 | 4 | |a 621.95 |
| 250 | |a 3. ed. | ||
| 859 | |a Ar-BaUNS |b BIB. CENTRAL - Sector C |h 621.95 |i C725a3 |p 317/961 | ||
